000 00400nam a2200157Ia 4500
008 230917s9999||||xx |||||||||||||| ||und||
040 _e149185
_aMAIN
041 _aEnglish
082 _a658.4092 A57A
100 _armstrong, Michael
245 0 _aArmstrongs handbook of management and leadership
250 _a2nd ed.
260 _aLondon
_bKogan Page
_c2010
300 _a276p p.
942 _cBK
999 _c152718
_d152718